000 00462nam a2200145 4500
999 _c10773
_d10773
008 180919b ||||| |||| 00| 0 eng d
022 _a2094-8042
082 _aDPer 370.105 M72 Jan-Dec 2011 v59-60
100 _931384
_aAgbuya, R. S.
245 _aOndoy sa aking buhay/
_cR. S. Agbuya.
260 _aPhilippines:
_bIn the Grade School, Inc.,
_cc2011.
300 _av60 n4, page 172:
_billustrations;
_c27cm.
650 0 _931385
_aTyphoons.
942 _2ddc
_cPER